Bedürfnis und Gesellschaft: Bedürfnis als Grundkategorie im Liberalismus, Konservatismus und Sozialismus
| Main Author: | |
|---|---|
| Format: | Print Book |
| Language: | German |
| Subito Delivery Service: | Order now. |
| Check availability: | HBZ Gateway |
| WorldCat: | WorldCat |
| Interlibrary Loan: | Interlibrary Loan for the Fachinformationsdienste (Specialized Information Services in Germany) |
| Published: |
Stuttgart
Klett
1971
|
| In: |
Stuttgarter Beiträge zur Geschichte und Politik (Bd. 6)
Year: 1971 |
| Edition: | 1. Aufl. |
| Series/Journal: | Stuttgarter Beiträge zur Geschichte und Politik
Bd. 6 |
| Standardized Subjects / Keyword chains: | B
Need
/ Society
/ Soziales Bedürfnis
|
| Further subjects: | B
Social order
B Sociology B Politologie B Political sociology B Civil society B Thesis |
MARC
| LEADER | 00000cam a2200000 c 4500 | ||
|---|---|---|---|
| 001 | 022196382 | ||
| 003 | DE-627 | ||
| 005 | 20251219205424.0 | ||
| 007 | tu | ||
| 008 | 850529s1971 gw ||||| m 00| ||ger c | ||
| 015 | |a 73,A27,0183 |2 dnb | ||
| 016 | 7 | |a 730200914 |2 DE-101 | |
| 020 | |a 3129059008 |9 3-12-905900-8 | ||
| 035 | |a (DE-627)022196382 | ||
| 035 | |a (DE-576)003734560 | ||
| 035 | |a (DE-599)GBV022196382 | ||
| 035 | |a (OCoLC)627707 | ||
| 035 | |a (OCoLC)1050471767 | ||
| 040 | |a DE-627 |b ger |c DE-627 |e rakwb | ||
| 041 | |a ger | ||
| 044 | |c XA-DE-BW | ||
| 082 | 0 | |a 338.521 |q OCLC | |
| 084 | |a 05b |2 sdnb | ||
| 084 | |a 1 |2 ssgn | ||
| 084 | |a LB 40015 |2 rvk |0 (DE-625)rvk/90549:778 | ||
| 084 | |a QC 010 |2 rvk |0 (DE-625)rvk/141236: | ||
| 084 | |a MS 4350 |2 rvk |0 (DE-625)rvk/123697: | ||
| 084 | |a 71.11 |2 bkl | ||
| 100 | 1 | |e Verf. |0 (DE-588)121172066 |0 (DE-627)081132239 |0 (DE-576)292568851 |4 aut |a Müller, Johann Baptist |d 1932-2017 | |
| 109 | |a Müller, Johann Baptist 1932-2017 |a Müller, Johann Baptiste 1932-2017 |a Müller, J. B. 1932-2017 | ||
| 245 | 1 | 0 | |a Bedürfnis und Gesellschaft |b Bedürfnis als Grundkategorie im Liberalismus, Konservatismus und Sozialismus |c von Johann Baptist Müller |
| 250 | |a 1. Aufl. | ||
| 264 | 1 | |a Stuttgart |b Klett |c 1971 | |
| 300 | |a 175 S. |c 8° | ||
| 336 | |a Text |b txt |2 rdacontent | ||
| 337 | |a ohne Hilfsmittel zu benutzen |b n |2 rdamedia | ||
| 338 | |a Band |b nc |2 rdacarrier | ||
| 361 | 1 | |5 DE-B1582 |y 1823615295 |s Pol4-0-12 |o Vorbesitz |a Hornung, Klaus |0 (DE-588)119096285 |0 (DE-627)079889182 |0 (DE-576)161489435 |f Notiz |k 1972-06-00 |z Hs. Notiz des Vorbes. "Klaus Hornung Juni 1972" auf Vorsatzblatt | |
| 490 | 1 | |a Stuttgarter Beiträge zur Geschichte und Politik |v Bd. 6 | |
| 500 | |a Literaturverz. S. 164 - 173 | ||
| 502 | |a Zugl.: Göttingen, Univ., Diss., 1970 | ||
| 583 | 1 | |a Archivierung/Langzeitarchivierung gewährleistet |f PEBW |x XA-DE-BW |2 pdager |5 DE-24 | |
| 583 | 1 | |a Archivierung/Langzeitarchivierung gewährleistet |f SSG |x XA-DE-BW |2 pdager |5 DE-21 | |
| 601 | |a Liberalismus | ||
| 601 | |a Sozialismus | ||
| 650 | 0 | |a Sociology | |
| 650 | 4 | |a Politologie | |
| 650 | 4 | |a Politische Soziologie | |
| 650 | 4 | |a Bürgerliche Gesellschaft | |
| 650 | 4 | |a Gesellschaftsordnung | |
| 655 | 7 | |a Hochschulschrift |0 (DE-588)4113937-9 |0 (DE-627)105825778 |0 (DE-576)209480580 |2 gnd-content | |
| 689 | 0 | 0 | |d s |0 (DE-588)4005198-5 |0 (DE-627)106382470 |0 (DE-576)208859772 |2 gnd |a Bedürfnis |
| 689 | 0 | 1 | |d s |0 (DE-588)4020588-5 |0 (DE-627)106317520 |0 (DE-576)208933956 |2 gnd |a Gesellschaft |
| 689 | 0 | 2 | |d s |0 (DE-588)4181946-9 |0 (DE-627)105314188 |0 (DE-576)210008113 |2 gnd |a Soziales Bedürfnis |
| 689 | 0 | |5 (DE-627) | |
| 751 | |a Göttingen |0 (DE-588)4021477-1 |0 (DE-627)106313819 |0 (DE-576)20893815X |4 uvp | ||
| 830 | 0 | |a Stuttgarter Beiträge zur Geschichte und Politik |v Bd. 6 |9 6 |w (DE-627)130112445 |w (DE-576)001678469 |w (DE-600)504012-7 |7 am | |
| 935 | |a mteo | ||
| 935 | |i Blocktest | ||
| 936 | r | v | |a LB 40015 |b Deutschland insgesamt |k Sozial- und Kulturanthropologie. Empirische Kulturwissenschaft |k Soziale und politische Organisation und Praxis |k Gesellschaft allgemein, Alltag und Lebensweise |k Europa |k Mitteleuropa |k Deutschland |k Deutschland insgesamt |0 (DE-627)1271481065 |0 (DE-625)rvk/90549:778 |0 (DE-576)201481065 |
| 936 | r | v | |a QC 010 |b Mensch und Wirtschaft. Wirtschaftliches Verhalten. Motivation. Wirtschaftsethik |k Wirtschaftswissenschaften |k Wirtschaftstheorie, einschließlich Geldtheorie |k Mensch und Wirtschaft. Wirtschaftliches Verhalten. Motivation. Wirtschaftsethik |0 (DE-627)1271174472 |0 (DE-625)rvk/141236: |0 (DE-576)201174472 |
| 936 | r | v | |a MS 4350 |b Allgemeine Theorie und Gesamtdarstellungen |k Soziologie |k Spezielle Soziologien |k Politische Soziologie |k Allgemeine Theorie und Gesamtdarstellungen |0 (DE-627)1271441101 |0 (DE-625)rvk/123697: |0 (DE-576)201441101 |
| 936 | b | k | |a 71.11 |j Gesellschaft |x Soziologie |0 (DE-627)106412558 |
| 951 | |a BO | ||
| ELC | |b 1 | ||
| ITA | |a 1 |t 1 | ||
| LOK | |0 000 xxxxxcx a22 zn 4500 | ||
| LOK | |0 001 3082119476 | ||
| LOK | |0 003 DE-627 | ||
| LOK | |0 004 022196382 | ||
| LOK | |0 005 20020517000000 | ||
| LOK | |0 008 960807||||||||||||||||ger||||||| | ||
| LOK | |0 040 |a DE-21 |c DE-627 |d DE-21 | ||
| LOK | |0 852 |a DE-21 | ||
| LOK | |0 852 1 |c 12 A 11012-6 |9 00 | ||
| LOK | |0 935 |a konv | ||
| LOK | |0 939 |a 07-08-96 |b l01 | ||
| LOK | |0 000 xxxxxcx a22 zn 4500 | ||
| LOK | |0 001 3082119557 | ||
| LOK | |0 003 DE-627 | ||
| LOK | |0 004 022196382 | ||
| LOK | |0 005 20100408020041 | ||
| LOK | |0 008 970526||||||||||||||||ger||||||| | ||
| LOK | |0 040 |a DE-21-31 |c DE-627 |d DE-21-31 | ||
| LOK | |0 541 |e 39256 | ||
| LOK | |0 852 |a DE-21-31 | ||
| LOK | |0 852 1 |c Pw I a 142 |m p |9 00 | ||
| LOK | |0 938 |k p | ||
| LOK | |0 939 |a 26-05-97 |b l01 | ||
| LOK | |0 000 xxxxxcx a22 zn 4500 | ||
| LOK | |0 001 3082119565 | ||
| LOK | |0 003 DE-627 | ||
| LOK | |0 004 022196382 | ||
| LOK | |0 005 20060802104057 | ||
| LOK | |0 008 060802||||||||||||||||ger||||||| | ||
| LOK | |0 040 |a DE-21-52 |c DE-627 |d DE-21-52 | ||
| LOK | |0 541 |e 74/396 | ||
| LOK | |0 852 |a DE-21-52 | ||
| LOK | |0 852 1 |c Ae 230 |m p |9 00 | ||
| LOK | |0 935 |a k052 |a kneu | ||
| LOK | |0 938 |k p | ||
| LOK | |0 939 |a 02-08-06 |b l01 | ||
| ORI | |a SA-MARC-ixtheoa001.raw | ||
| REL | |a 1 | ||
| STA | 0 | 0 | |a Civil society,Need,Political sociology,Social order,Society,Society,Society in art |
| STB | 0 | 0 | |a Besoin,Ordre social,Sociologie politique,Société civile,Société,Société |
| STC | 0 | 0 | |a Necesidad,Orden social,Sociedad civil,Sociedad,Sociedad,Sociedad,Sociología política |
| STD | 0 | 0 | |a Bisogno,Ordinamento sociale,Società civile,Società,Società,Sociologia politica |
| STE | 0 | 0 | |a 社会,社会秩序,社会制度 |
| STF | 0 | 0 | |a 政治社会学,社會,社會秩序,社會制度,需要 |
| STG | 0 | 0 | |a Necessidade,Ordem social,Sociedade civil,Sociedade,Sociedade,Sociologia política |
| STH | 0 | 0 | |a Гражданское общество,Общественный порядок,Общество (мотив),Общество,Политическая социология,Потребность |
| STI | 0 | 0 | |a Ανάγκη,Κοινωνία (μοτίβο),Κοινωνία,Κοινωνία των πολιτών,Κοινωνικό σύστημα,Κοινωνική τάξη,Πολιτική κοινωνιολογία |
| SUB | |a REL | ||
| SYE | 0 | 0 | |a Politikwissenschaft , Politiksoziologie,Politik , Civil society,Zivilgesellschaft , Gesellschaft,Gesellschaftssystem,Gesellschaftsordnungen |
| SYG | 0 | 0 | |a Wirtschaftliches Bedürfnis,Bedürfnisse , Society,Bürgergesellschaft,Bürgerliche Gesellschaft |



